Statistics for experimenters: design, innovation, and discovery

Guardat en:
Dades bibliogràfiques
Autors principals: Box, George Edward Pelham (Autor), Hunter, J. Stuart (Autor), Hunter, William G (Autor)
Format: Llibre
Idioma:anglès
Publicat: Hoboken John Wiley and Sons 2005
Edició:2a. ed
Col·lecció:Wiley Series in Probability and Statistics
Matèries:
Etiquetes: Afegir etiqueta
Sense etiquetes, Sigues el primer a etiquetar aquest registre!

MARC

LEADER 00000nam a2200000 a 4500
001 UCJ1043
003 CL-VaPUC
008 060929e20050000us |||||||||||||||||eng|d
020 |a 0471718130 
082 0 4 |a 519.5  |b BOX  |2 21 
100 |a Box, George Edward Pelham  |e author  |9 470793 
700 0 |a Hunter, J. Stuart  |e author  |9 501569 
700 0 |a Hunter, William G  |e author  |9 501570 
245 1 0 |a Statistics for experimenters: design, innovation, and discovery 
250 |a 2a. ed 
300 |a 633 p 
942 |c BK 
945 |d 20060929 00:00:00  |a cmena 
260 |a Hoboken  |b John Wiley and Sons  |c 2005 
650 0 |a Diseño de experimentos  |9 260691 
650 0 |a Análisis de varianza   |9 336938 
650 0 |a Estadística matemática  |9 260028 
650 0 |a Análisis estadístico  |9 269506 
650 0 |a Teoría de probabilidades   |9 336944 
650 0 |a Muestreo (Estadística)  |9 270232 
583 |a last modification  |c 20171116 02:15:05  |k Rodrigo Vera 
490 0 |a Wiley Series in Probability and Statistics 
999 |c 317767  |d 317765 
952 |0 0  |1 0  |4 0  |6 519_500000000000000_BOX_2005  |7 0  |8 R  |9 394677  |a BIBGIM  |b BIBGIM  |d 2019-11-22  |i 4220668  |o 519.5 BOX 2005  |p 4220668  |r 2025-01-15  |w 2019-11-22  |y BK_R  |k EST 
952 |0 0  |1 0  |4 0  |6 519_500000000000000_BOX_2005  |7 0  |8 R  |9 394678  |a BIBGIM  |b BIBGIM  |d 2019-11-22  |i 4220676  |o 519.5 BOX 2005  |p 4220676  |r 2025-01-15  |w 2019-11-22  |y BK_R  |k EST